000 00657na a2200241 4500
001 12825
003 MIRAKIL
005 20181213154743.0
008 160831b tu 000 0
035 _a12825
040 _aMilas
_btur
_cTR-AnCHP
082 _a297.8
_bG74a 2007
090 _a297.8 G74a 2007
100 _aGölbaşı, Haydar
245 _aAlevi-Bektaşi örgütlenmeleri
_bSosyolojik bir inceleme
_cHaydar Gölbaşı
246 _aSosyolojik bir inceleme
260 _aİstanbul
_bAlev Yayınları
_c2007
300 _a149 s.
_btbl.
_c23 sm
504 _aKaynakça var.
650 _aBektaşilik
650 _aAlevilik
942 _2ddc
_cBKS
999 _c302
_d302